Chamtivost bez hranic burzovní makléřka vypovídá [kdo stojí za ekonomickou krizí? : finanční thriller]

Salvato in:
Dettagli Bibliografici
Autore principale: Anne, T.
Natura: Libro
Lingua:ceco
Pubblicazione: Praha IFP Publishing 2010
Edizione:1. vyd.
Soggetti:
Tags: Aggiungi Tag
Nessun Tag, puoi essere il primo ad aggiungerne!!

MARC

LEADER 00000nam a2200000 4500
001 0182360
005 20240313085846.3
020 |a 978-80-87383-01-8 
041 0 |a cze 
044 |a CZ 
245 1 0 |a Chamtivost bez hranic  |b burzovní makléřka vypovídá [kdo stojí za ekonomickou krizí? : finanční thriller]  |c Anne T. 
250 |a 1. vyd. 
264 1 |a Praha  |b IFP Publishing  |c 2010 
300 |a 215 s. 
610 2 0 |a burzy 
610 2 0 |a makléri 
610 2 0 |a trh finančný 
610 2 0 |a trh burzový 
610 2 0 |a peniaze 
610 2 0 |a kríza hospodárska 
610 2 0 |a kríza finančná 
100 1 |a Anne, T.